LEADER 00892nam0 2200277 450 001 000031251 005 20130304123701.0 010 $a84-306-2078-8 100 $a20120307d1975----km-y0itaa50------ba 101 0 $aspa 102 $aES 200 1 $aJorge Guillen$fedicion de Birute Ciplijauskaite 210 $aMadrid$cTaurus$d1975 215 $a422 p.$d21 cm 225 2 $aPersiles$v78 410 0$12001$aPersiles$v78 700 1$aCiplijauskaite,$bBirute$0386411 801 0$aIT$bUniversità della Basilicata - B.I.A.$gREICAT$2unimarc 912 $a000031251 996 $aJorge Guillen$994244 997 $aUNIBAS BAS $aLETTERE CAT $aSTD073$b00$c20120307$lBAS01$h1005 CAT $aMDL$b30$c20130304$lBAS01$h1237 FMT Z30 -1$lBAS01$LBAS01$mBOOK$1BASA1$APolo Storico-Umanistico$2GEN$BCollezione generale$3FP/17372$617372$5L17372$820120307$f02$FPrestabile Generale LEADER 01604nam a2200325 i 4500 001 991002381619707536 005 20020508195244.0 008 000220s1976 it 000 0 ita d 035 $ab11000764-39ule_inst 035 $aPARLA161477$9ExL 040 $aDip.to Filosofia$bita 082 0 $a338.109 100 1 $aAbel, Wilhelm$0118502 245 10$aCongiuntura agraria e crisi agrarie :$bstoria dell'agricoltura e della produzione alimentare nell'Europa centrale dal 13. secolo all'età industriale /$cWilhelm Abel ; presentazione di Ruggiero Romano ; traduzione di Piero Pesucci 260 $aTorino :$bEinaudi,$cc1976 300 $aXXVIII, 505 p. :$bill. ;$c22 cm 490 0 $aNuova biblioteca scientifica Einaudi ;$v57 500 $aTit. orig.: Agrarkrisen und Agrarkonjunktur 650 4$aAgricoltura$zEuropa$ySec. 12.-19. 700 1 $aPesucci, Piero 700 1 $aRomano, Ruggiero 907 $a.b11000764$b23-02-17$c28-06-02 912 $a991002381619707536 945 $aLE005IF XXXVI E 44$g1$iLE005IFA-12486$lle005$o-$pE0.00$q-$rl$s- $t0$u0$v0$w0$x0$y.i11117060$z28-06-02 945 $aLE022 MPs-S 125 A 15$g1$i2022000188616$lle022$o-$pE0.00$q-$rl$s- $t0$u0$v0$w0$x0$y.i13254121$z08-04-04 945 $aLE009 STOR.88.4-147$g1$i2009000397361$lle009$o-$pE0.00$q-$rl$s- $t0$u0$v0$w0$x0$y.i13048612$z22-12-03 945 $aLE009 STOR.88.4-147BIS$g2$i2009000397354$lle009$o-$pE0.00$q-$rl$s- $t0$u0$v0$w0$x0$y.i13048624$z22-12-03 996 $aCongiuntura agraria e crisi agrarie$9860841 997 $aUNISALENTO 998 $ale005$ale022$a(2)le009$b01-01-00$cm$da $e-$fita$git $h0$i4